| 000 | 00374 a2200157 4500 | ||
|---|---|---|---|
| 001 | 154644 | ||
| 040 | _cEscola São Tomás de Aquino | ||
| 100 | _aBERUTTI, Flávio | ||
| 240 | 1 | 0 |
_a1888: o negro torna-se igual na lei... _lpor |
| 245 | 1 | 0 | _a1888: o negro torna-se igual na lei... |
| 300 | _a48 | ||
| 362 | 0 | _a2009 | |
| 440 | 1 | _aRHJ | |
| 697 | _aHISTÓRIA | ||
| 942 | _cBK | ||
| 999 |
_c154644 _d154644 |
||